Journalism Advertisement And Public Relations (Record no. 96271)

MARC details
000 -LEADER
fixed length control field 00578nam a2200229Ia 4500
005 - DATE AND TIME OF LATEST TRANSACTION
control field 20230228120045.0
008 - FIXED-LENGTH DATA ELEMENTS--GENERAL INFORMATION
fixed length control field 230125s9999 xx 000 0 und d
020 ## - INTERNATIONAL STANDARD BOOK NUMBER
International Standard Book Number 9788178847955
041 ## - LANGUAGE CODE
Language code of text/sound track or separate title eng
082 ## - DEWEY DECIMAL CLASSIFICATION NUMBER
Classification number 659.2
Item number BIS
100 ## - MAIN ENTRY--PERSONAL NAME
Author Bisht M S
245 ## - TITLE STATEMENT
Title Journalism Advertisement And Public Relations
250 ## - EDITION STATEMENT
Edition statement 1st Ed.
260 ## - PUBLICATION, DISTRIBUTION, ETC.
Date of publication, distribution, etc. 2011
Name of publisher, distributor, etc. Cyber tech publisher
Place of publication, distribution, etc. New Delhi
300 ## - PHYSICAL DESCRIPTION
Extent 264p
500 ## - GENERAL NOTE
Keywords Public Relations
650 ## - SUBJECT ADDED ENTRY--TOPICAL TERM
Topical term or geographic name entry element Public Relations
700 ## - ADDED ENTRY--PERSONAL NAME
Personal name Bisht M S
942 ## - ADDED ENTRY ELEMENTS (KOHA)
Koha item type Books
906 ## - LOCAL DATA ELEMENT F, LDF (RLIN)
b 224
Holdings
Withdrawn status Lost status Damaged status Not for loan Home library Current library Date acquired Vendor Net Price Bill number Total Checkouts Full call number Barcode Date last seen Actual Price Bill Date Koha item type Original Barcode
        Smt. Hiraben Nanavati Institute of Management & Research for Women Smt. Hiraben Nanavati Institute of Management & Research for Women 06/02/2020 Forward Books 800.00 11188   659.2 BIS B19610 HIMR-BK-19610 25/01/2023 576.00 25/01/2023 Books B19610